000 00839nam a2200253Ia 4500
003 OSt
005 20220923211451.0
006 a|||||r|||| 00| 0
007 ta
008 Pun
020 _a9789350687925 (hbk)
_c200
024 _a281,343
037 _b902, 25/07/2014, Bright Book Service
_cTextual
040 _aARTS
_cARTS
_bPun
041 _2Pun
_aPun
082 _aO153,3NBALx, Q4
100 _aਸਿੰਘ, ਬਲਦੇਵ
245 0 _aਭਵਿੱਖ ਦੇ ਵਾਰਿਸ ਤੇ ਹੋਰ ਕਹਾਣੀਆਂ
260 _aਚੰਡੀਗੜ
_b ਲੋਕਗੀਤ ਪਕਾFਨ
_c2014
300 _a176ਪੰ
_ccm.
650 _aਪੰਜਾਬੀ ਸਾਹਿਤ
942 _hO153,3NBALx, Q4
_cTEXL
_2CC
999 _c299809
_d299809